000 00533nam a2200169Ia 4500
008 090201s9999 xx 000 0 und d
010 _aKPL-60711
040 _bमराठी
041 _aमराठी
082 _a1742
_b60711
100 _aनयना आचार्य
245 _aआग अन् फुफाटा
_cनयना आचार्य
260 _c2004
_bमनोरमा प्रकाशन
300 _a185
_bमोठा
600 _aआग अन् फुफाटा
942 _cBOOK
999 _c202840
_d202840